[Event "Magnus Carlsen Invitational 2020"]
[Site "magnuscarlsen.com"]
[Date "2020.04.27"]
[Round "5.1"]
[White "Caruana, Fabiano"]
[Black "Nakamura, Hikaru"]
[Result "1-0"]
[WhiteElo "2773"]
[BlackElo "2829"]
[Annotator "TA"]
[PlyCount "93"]
[EventDate "2020.04.18"]
[EventType "tourn"]
[EventCountry "NOR"]
[SourceTitle "playchess.com"]
[Source "ChessBase"]
[SourceQuality "1"]

{[%evp 11,93,10,18,6,27,-16,-4,-4,2,0,2,9,3,9,6,4,24,41,41,35,54,30,100,0,6,8,10,10,8,10,7,0,58,29,54,0,0,0,8,0,25,31,38,29,73,73,73,73,73,73,73,73,73,73,107,107,107,107,123,107,107,107,107,107,128,128,128,113,123,123,761,576,12842,12843,12842,12840,12841,12842,12842,12843,29991,12845,12846,470]} 1. d4 Nf6 2. c4 e6 3. Nf3 d5 4. Nc3 Be7 5. Bf4 O-O 6. e3 Nbd7 (6... c5 7. dxc5 Bxc5 8. a3 Nc6 9. Qc2 Qa5 10. Rd1 Re8 11. Nd2 e5 12. Bg5 Nd4 13. Qb1 Bf5 14. Bd3 Bxd3 15. Qxd3 Ne4 16. Nxd5 Nxg5 17. b4 Qd8 18. bxc5 {1-0 (40) Caruana,F (2819)-Nakamura,H (2754) Zagreb 2019}) 7. c5 {7.Be2 gains popularity. Played by Hikaru Nakamura in February 2020. D37: Queen's Gambit Declined: 5 Bf4.} c6 8. h4 $5 {[%mdl 4] Exploring less charted territory.} b6 {[#]} 9. b4 $146 {The position is equal.} ({Predecessor:} 9. cxb6 axb6 10. h5 Ba6 11. Bxa6 Rxa6 12. Qd3 Bb4 13. Qxa6 {1-0 (13) Sanchez Ramirez,G (1603)-Gonzalez Acosta,P (1906) Gran Canaria 2012}) 9... a5 10. a3 Ne4 11. Nxe4 dxe4 12. Ne5 $1 {[%cal Re5c6]} Nxe5 13. Bxe5 Qd5 14. Be2 ({Of course not} 14. cxb6 axb4 15. a4 (15. Qg4 $2 f6 $19) 15... Qa5 $17) 14... Ba6 15. O-O ({Don't play} 15. cxb6 axb4 16. O-O (16. Bxa6 Rxa6 17. b7 bxa3 $15) 16... bxa3 $11) 15... Bxe2 16. Qxe2 axb4 (16... bxc5 $11 17. bxc5 Bxc5) 17. axb4 ({Better is} 17. cxb6 $16 {Threatens to win with b7.} Rxa3 18. Rxa3 bxa3 19. Qa6) 17... bxc5 18. bxc5 Bxc5 19. Bxg7 Kxg7 20. dxc5 Qe5 21. Rad1 Ra5 (21... Rfd8 $11) 22. Rd4 Kh8 23. g3 ({White should play} 23. Qg4 $14) 23... Rxc5 $11 24. Rb1 Rd5 25. Rc4 c5 26. Qc2 f5 27. Ra4 Rfd8 28. Rb7 {aiming for Raa7.} R5d7 {[#]} 29. Ra8 $1 {[%mdl 512]} Rxb7 (29... Rxa8 30. Rxd7) 30. Rxd8+ $16 {[%mdl 4096] Endgame KQR-KQR} Kg7 31. Kg2 {[%mdl 1024] White has strong compensation.} Rc7 32. Qa4 Qf6 33. Qe8 Kh6 34. Rd6 Kg7 35. Qb8 Rf7 36. Rc6 Rd7 37. Rc8 {Intending Rg8+ and mate.} Kh6 38. Rxc5 Rg7 39. Rc6 Re7 40. Rc8 Rf7 $2 {[%mdl 8192] This move loses the game for Black.} (40... Qg6 $16) 41. Re8 $18 Re7 {[#]} 42. Qd8 $1 {[%mdl 512]} Rf7 43. Qd6 Kh5 44. Rxe6 Qg7 45. Qf4 Rf6 {[#]} 46. g4+ (46. Re7 $142 $1 {[%mdl 512]} Rg6 (46... Qxe7 47. Qg5#) 47. Qxf5+ Rg5 48. g4+ Kxh4 49. Rxg7 Rxf5 50. gxf5 h6 51. f6) 46... Kxh4 47. g5+ {Accuracy: White = 84%, Black = 66%.} (47. Rxf6 $142 Qxg4+ 48. Qxg4+ Kxg4 49. Rh6) 1-0

[Event "Magnus Carlsen Invitational 2020"]
[Site "magnuscarlsen.com"]
[Date "2020.04.26"]
[Round "5.1"]
[White "Giri, Anish"]
[Black "Carlsen, Magnus"]
[Result "1/2-1/2"]
[WhiteElo "2731"]
[BlackElo "2881"]
[Annotator "TA"]
[PlyCount "82"]
[EventDate "2020.04.18"]
[EventType "tourn"]
[EventCountry "NOR"]
[SourceTitle "playchess.com"]
[Source "ChessBase"]
[SourceQuality "1"]

{[%evp 11,82,34,22,9,30,25,48,44,52,21,31,34,26,21,24,18,24,13,25,25,25,21,24,19,20,18,21,12,14,15,22,11,22,22,14,12,29,14,26,14,14,7,7,0,0,0,10,7,7,7,7,7,7,7,7,7,7,0,0,0,7,7,7,7,7,7,7,7,7,7,7,0,0]} 1. d4 d5 2. Nf3 Nf6 3. c4 e6 4. g3 dxc4 5. Bg2 Bb4+ 6. Bd2 a5 7. a3 {E04: Open Catalan: 5 Nf3.} Bd6 8. Qa4+ Bd7 9. Qxc4 {White is slightly better.} Bc6 {[#]} 10. Bg5 $146 ({Predecessor:} 10. Nc3 O-O 11. Qd3 Re8 12. O-O Nbd7 13. e4 e5 14. Qc2 exd4 15. Nxd4 Ne5 16. Rad1 {1-0 (32) Jamka Pietron,B-Dostal,S (1764) ICCF email 2016}) 10... Nbd7 11. O-O O-O 12. Nc3 h6 13. Bxf6 Nxf6 14. Rfe1 Bd5 15. Qd3 {[#] And now e4 would win.} Bxf3 16. Bxf3 c6 17. Qc2 Qe7 18. Red1 Rfd8 19. Rac1 g6 20. e3 Kg7 21. Kg2 h5 22. h4 Rac8 23. Qa4 Bc7 24. Qb3 Rb8 25. Rc2 e5 {The position is equal.} 26. dxe5 Bxe5 27. Rcd2 Rxd2 28. Rxd2 Qc7 29. Ne4 Nxe4 30. Bxe4 Re8 31. Bf3 Re7 32. a4 Rd7 33. Rxd7 Qxd7 34. Qc2 Qe7 35. b3 Qb4 36. Qd3 Qd6 (36... Bd6 {looks sharper.} 37. Be2 Be5 38. Bf3) 37. Qxd6 Bxd6 38. Be2 f5 39. Bc4 Kf6 40. Kf3 Bb4 41. Ke2 Bd6 {Accuracy: White = 96%, Black = 100%.} 1/2-1/2

[Event "Magnus Carlsen Invitational 2020"]
[Site "magnuscarlsen.com"]
[Date "2020.04.26"]
[Round "5.2"]
[White "Carlsen, Magnus"]
[Black "Giri, Anish"]
[Result "0-1"]
[WhiteElo "2881"]
[BlackElo "2731"]
[Annotator "TA"]
[PlyCount "66"]
[EventDate "2020.04.18"]
[EventType "tourn"]
[EventCountry "NOR"]
[SourceTitle "playchess.com"]
[Source "ChessBase"]
[SourceQuality "1"]

{[%evp 9,66,11,6,6,1,2,0,0,0,0,0,0,0,0,14,0,0,-45,19,21,50,60,80,-4,0,-55,0,-24,-3,-21,0,0,0,0,0,0,0,-15,-8,-24,-28,-632,-646,-641,-632,-617,-606,-843,-831,-1304,-1266,-1073,-630,-856,-856,-952,-929,-29972,-29967]} 1. d4 Nf6 2. c4 e6 3. Nf3 d5 4. Nc3 Bb4 5. cxd5 exd5 6. Bf4 {D38: Queen's Gambit Declined: Ragozin Defence (4 Nf3 Bb4).} Ne4 7. Rc1 Nc6 8. Nd2 {The position is equal.} g5 9. Be3 Nxc3 $1 10. bxc3 Ba3 11. Rb1 f5 $1 {[%cal Rf5f4]} 12. g3 Bd6 {[#]} 13. Rg1 $146 ({Predecessor:} 13. Nf3 f4 14. Bc1 Qf6 15. Bg2 Ne7 16. O-O b6 17. c4 Bf5 18. c5 Bxb1 19. Qa4+ {0-1 (41) Gaehwiler,G (2412)-Georgiadis,N (2514) Leukerbad 2019}) 13... O-O ({Black should play} 13... f4 $15 14. gxf4 gxf4 15. Bxf4 {[%mdl 64] Remove Defender} Bxf4) 14. h4 $11 f4 15. gxf4 g4 16. Rb5 (16. c4 $16) 16... Ne7 {[%cal Bc6e7,Be7g6,Bg6f4,Bf4d3][%mdl 32]} 17. f5 (17. Nf3 $11) 17... h5 ({Better is} 17... g3 $15 18. Bh6 (18. fxg3 Nxf5 19. Bf4 Bxf4 $15) 18... Nxf5 {[%mdl 64] Double Attack} 19. Bxf8 Kxf8) 18. Bg5 c6 19. Rb2 {Strongly threatening f6.} Rxf5 20. e4 Rxg5 $1 21. hxg5 Ng6 $1 22. e5 Bf8 23. Bd3 Nf4 24. Nf1 Qxg5 25. f3 $2 {[%mdl 8192] Now White is beyond hope.} (25. Bb1 $11) 25... Nxd3+ $19 {[%mdl 64] [#] Overworked Piece} 26. Qxd3 Qc1+ {[%mdl 64] Double Attack} 27. Kf2 Qxb2+ {[%mdl 64] Double Attack} 28. Nd2 {[#] intending Qg6+.} Bf5 $1 {[%mdl 64] Deflection} 29. Qxf5 Qxd2+ 30. Kg3 Qxc3 31. Kh4 Qxd4 32. Rg3 Bg7 {And now ...Rf8 would win.} 33. f4 Rf8 {Accuracy: White = 64%, Black = 82%.} 0-1

[Event "Magnus Carlsen Invitational 2020"]
[Site "magnuscarlsen.com"]
[Date "2020.04.27"]
[Round "5.2"]
[White "Ding, Liren"]
[Black "Nepomniachtchi, Ian"]
[Result "1-0"]
[WhiteElo "2836"]
[BlackElo "2778"]
[Annotator "TA"]
[PlyCount "67"]
[EventDate "2020.04.18"]
[EventType "tourn"]
[EventCountry "NOR"]
[SourceTitle "playchess.com"]
[Source "ChessBase"]
[SourceQuality "1"]

{[%evp 16,67,38,28,39,33,52,43,54,24,36,30,31,33,43,20,26,48,21,0,0,0,62,58,84,68,61,68,68,72,51,0,413,398,385,393,398,391,416,406,429,441,454,433,477,464,531,535,931,493,680,672,651,641]} 1. d4 Nf6 2. c4 g6 3. f3 d5 4. cxd5 Nxd5 5. e4 Nb6 6. Nc3 Bg7 7. Be3 O-O 8. Qd2 Nc6 9. O-O-O Qd6 {D70: Grünfeld: Unusual White 3rd moves (met by ...d5).} 10. Nb5 Qd7 11. Kb1 $1 a6 {White is slightly better.} 12. Nc3 Rd8 {[%cal Rc6d4]} 13. d5 Qe8 14. Qc1 Na7 15. h4 Nb5 16. Nge2 e6 17. h5 (17. Nxb5 {seems wilder.} axb5 18. Bd4 Bxd4 19. Nxd4 exd5 20. Qxc7 Nc4 21. h5) 17... exd5 $1 {White must now prevent ...Nxc3+.} 18. hxg6 fxg6 ({Black should play} 18... hxg6 $11 19. Nxb5 (19. Nxd5 $2 Nxd5 {[%mdl 64] Pin} 20. Bg5 Ne7 $19) 19... axb5 20. Qxc7 Nc4 {[%mdl 64] Double Attack}) 19. Bxb6 $1 $14 ({Avoid the trap} 19. Nxd5 $2 Nxd5 20. Bg5 {[#]} Na3+ $1 {[%mdl 512]} 21. Ka1 Qa4 $19) 19... cxb6 20. Nxd5 Be6 {Hoping for ...Rxd5!} 21. Nef4 Bf7 $1 22. Bxb5 $1 axb5 {[#]} 23. a3 $5 $146 {[%mdl 8] New and interesting.} (23. Qc2 $14) ({Predecessor:} 23. Qc2 Rdc8 24. Qb3 Ra4 25. Rhe1 Kh8 26. Ne2 Rac4 27. Rd2 Qe5 28. Rh1 b4 29. Qd3 b5 30. Nb6 Re8 31. Qd7 Rc7 32. Qd6 Qxd6 {½-½ (32) Kunzelmann,F (2491)-Biedermann,T (2450) ICCF email 2018}) 23... g5 $2 {[%mdl 8192]} (23... Rac8 $1 $11 {and Black is okay.} 24. Qe3 g5) 24. Nc7 $18 {[%mdl 64] [#] Double Attack} Qe5 25. Nxa8 Rxa8 26. Nd5 h6 27. Qc3 Qe6 28. Qb4 {White is clearly winning.} Kh7 29. Rd2 Rc8 30. Qe7 Qg6 31. Qxb7 Rc6 32. Qd7 Rc5 33. Ne7 Qf6 34. Nf5 {Accuracy: White = 85%, Black = 63%.} 1-0

[Event "Magnus Carlsen Invitational 2020"]
[Site "magnuscarlsen.com"]
[Date "2020.04.27"]
[Round "5.2"]
[White "Nakamura, Hikaru"]
[Black "Caruana, Fabiano"]
[Result "1-0"]
[WhiteElo "2829"]
[BlackElo "2773"]
[Annotator "TA"]
[PlyCount "109"]
[EventDate "2020.04.18"]
[EventType "tourn"]
[EventCountry "NOR"]
[SourceTitle "playchess.com"]
[Source "ChessBase"]
[SourceQuality "1"]

{[%evp 13,109,12,0,0,17,0,0,0,12,13,6,11,6,10,26,21,25,21,24,24,21,24,22,-4,-1,0,-3,0,0,0,0,-22,6,8,8,6,6,7,9,6,9,12,11,2,9,9,13,8,8,0,0,0,7,0,6,13,7,7,7,13,12,17,16,6,82,118,91,109,109,112,202,208,208,212,392,372,832,787,829,830,842,834,736,690,1451,1445,672,786,1221,1191,1129,899,1722,1066,12833,12834,12835,12835]} 1. d4 d5 2. c4 c6 3. Nf3 Nf6 4. Qc2 dxc4 5. Qxc4 Bf5 6. g3 e6 7. Bg2 Be7 8. O-O {D23: Queen's Gambit Accepted: 3 Nf3 Nf6 sidelines.} O-O 9. Qb3 Qb6 10. Nbd2 {The position is equal.} Nbd7 11. Nc4 Qa6 12. Bf4 Nb6 13. Bd6 Rfe8 {[#]} 14. Nfd2 $146 ({Predecessor:} 14. Bxe7 Rxe7 15. Nfe5 Nxc4 16. Nxc4 Rd8 17. Rfd1 Be4 18. f3 Bd5 19. Qa3 Bxc4 20. Qxe7 {½-½ (46) Gabriel,C (2475)-Spangenberg,H (2490) Halle 1995}) 14... Rad8 15. Bxe7 Rxe7 16. e3 Nxc4 17. Nxc4 Be4 18. Rfc1 Bxg2 19. Kxg2 c5 20. dxc5 Qc6+ 21. Kg1 Qxc5 22. Qa3 Rc7 23. Qxc5 Rxc5 24. Nd6 Rxc1+ $1 25. Rxc1 $11 {[%mdl 4096] Endgame KRN-KRN} g5 26. Rc8 Rxc8 27. Nxc8 {KN-KN} a6 28. Nd6 b5 29. Nb7 Kf8 30. Nc5 a5 31. Nb3 a4 32. Nd4 b4 33. Nc6 a3 34. b3 Nd5 35. f3 Nxe3 {Strongly threatening ...Nd5.} 36. Nxb4 Nd1 37. Kf1 {With the idea Ke2.} Nc3 38. Ke1 Ke7 (38... Nb5 $1 $11) 39. Kd2 $16 {White now steadily converts the win.} Nb5 40. Kd3 $1 e5 41. Nc2 $1 Ke6 {[#]} (41... Kd6 $16 {keeps fighting.}) 42. Kc4 $1 $18 {[%cal Rc4b5]} Nd6+ 43. Kc5 h5 $2 (43... e4 44. fxe4 Nxe4+ 45. Kc6 f5) 44. Nxa3 g4 $2 (44... e4 45. Nc2 (45. fxe4 Nxe4+ 46. Kd4 Nd2 $16) 45... exf3 46. Nd4+ {[%mdl 64] Double Attack} Kd7 47. Nxf3 g4) 45. fxg4 {White is clearly winning.} hxg4 46. Nc2 f5 47. Ne3 Ne4+ 48. Kc6 Nf6 49. a4 {[%cal Ba2a4,Ba4a5,Ba5a6][%mdl 32]} f4 50. Nf1 f3 51. a5 Nd5 {[#]} 52. Kc5 $1 e4 53. Kd4 Kd6 54. Kxe4 Kc5 55. a6 {Accuracy: White = 98%, Black = 63%.} 1-0

[Event "Magnus Carlsen Invitational 2020"]
[Site "magnuscarlsen.com"]
[Date "2020.04.26"]
[Round "5.2"]
[White "Firouzja, Alireza"]
[Black "Vachier-Lagrave, Maxime"]
[Result "1/2-1/2"]
[WhiteElo "2703"]
[BlackElo "2860"]
[Annotator "TA"]
[PlyCount "81"]
[EventDate "2020.04.18"]
[EventType "tourn"]
[EventCountry "NOR"]
[SourceTitle "playchess.com"]
[Source "ChessBase"]
[SourceQuality "1"]

{[%evp 15,81,26,26,28,27,18,0,0,38,14,24,25,37,7,58,40,47,25,17,17,22,8,9,5,14,0,0,0,0,0,0,0,45,33,52,40,70,25,27,37,37,34,31,21,38,0,0,0,0,0,0,0,0,0,0,0,0,0,0,0,0,0,0,0,0,0,11,11]} 1. d4 d5 2. c4 c6 3. Nf3 Nf6 4. e3 Bf5 5. Nc3 e6 6. Nh4 Be4 7. f3 Bg6 8. Qb3 Qc7 9. Bd2 {D12: Slav Defence: 3 Nf3 Nf6 4 e3 Bf5.} Be7 10. Rc1 dxc4 11. Bxc4 a6 12. O-O {[#]} b5 $146 ({Predecessor:} 12... c5 13. dxc5 Nfd7 14. Nxg6 hxg6 15. g3 Nxc5 16. Qc2 Nc6 17. a3 O-O 18. Be2 Rfd8 {½-½ (34) Sharma,D (2275)-Arjun,K (2390) Abu Dhabi 2018}) 13. Be2 Nbd7 14. a4 Qb6 (14... b4 $11 15. Nd1 c5) 15. Be1 O-O 16. axb5 axb5 17. Bf2 b4 18. Nxg6 hxg6 19. Ne4 c5 20. dxc5 Nxc5 21. Nxc5 Bxc5 22. g3 Rfc8 23. Rc4 Bf8 24. Rfc1 Qb7 25. e4 Nd7 26. Kg2 Ne5 27. Rxc8 Rxc8 28. Rxc8 Qxc8 29. f4 Nd7 30. Bb5 (30. Qc4 $5 {[%cal Rc4c8]} Qd8 31. Be3 $16) 30... Nf6 {The position is equal.} 31. Bd3 Ng4 {White must now prevent ...Bc5.} 32. Qc4 Qxc4 33. Bxc4 Nxf2 34. Kxf2 $11 {[%mdl 4096] Endgame KB-KB} Bc5+ 35. Kf3 Bd4 36. b3 Kf8 37. e5 Ke7 38. h4 Bc3 39. Bd3 Be1 40. Be2 f5 41. Bc4 {Accuracy: White = 87%, Black = 84%.} 1/2-1/2

[Event "Magnus Carlsen Invitational 2020"]
[Site "magnuscarlsen.com"]
[Date "2020.04.26"]
[Round "5.3"]
[White "Vachier-Lagrave, Maxime"]
[Black "Firouzja, Alireza"]
[Result "0-1"]
[WhiteElo "2860"]
[BlackElo "2703"]
[Annotator "TA"]
[PlyCount "70"]
[EventDate "2020.04.18"]
[EventType "tourn"]
[EventCountry "NOR"]
[SourceTitle "playchess.com"]
[Source "ChessBase"]
[SourceQuality "1"]

{[%evp 14,70,41,33,26,26,31,18,37,15,15,18,19,10,25,18,21,0,4,0,7,7,24,16,12,0,0,12,0,0,0,11,47,30,40,7,45,26,23,0,0,0,0,0,0,-56,-53,-355,-344,-329,-330,-450,-429,-654,-627,-777,-691,-881,-877]} 1. d4 Nf6 2. c4 e6 3. Nc3 Bb4 4. Qc2 c5 5. dxc5 O-O 6. a3 Bxc5 7. Nf3 d5 8. Bg5 Be7 {E39: Nimzo-Indian: Classical: 4...c5 5 dxc5 0-0.} 9. Rd1 {[#]} Qa5 $146 ({Predecessor:} 9... Qb6 10. e3 dxc4 11. Bxc4 Bd7 12. Ne5 Bc6 13. O-O Re8 14. Rd4 h6 15. Bxh6 gxh6 16. Bxe6 Kf8 17. Rf4 Bd8 18. Qh7 Nxh7 19. Rxf7+ Kg8 20. Re7+ Kf8 21. Ng6# {1-0 (21) Mikelsons,M (1799)-Mierins,E (1625) Panevezys 2019}) 10. e3 h6 {The position is equal.} 11. Bxf6 Bxf6 12. cxd5 exd5 13. b4 Qc7 14. Rc1 Qd8 15. Qd2 (15. Be2 {with more complications.} Nc6 16. O-O Be6 17. Rfd1 Rc8 18. Qd3) 15... Be6 $1 16. Be2 Nc6 {[%cal Bb8c6,Bc6e7,Be7g6,Bg6f4][%mdl 32]} 17. O-O a5 18. b5 Ne7 19. Na4 Qd6 20. Nc5 Rfc8 21. Nxe6 fxe6 22. e4 Ng6 23. exd5 Nf4 24. Bc4 {Black must now prevent dxe6.} Nxd5 25. a4 Kh8 26. g3 Qb4 27. Bxd5 Qxd2 28. Nxd2 exd5 29. Nb3 (29. Rfd1 $11) 29... Rc4 $15 30. Rfd1 $2 {[%mdl 8192] [#] Loses the game.} (30. Nc5 $1 $15) 30... Rxa4 $19 31. Nc5 Rb4 32. Nxb7 a4 {[%cal Ba5a4,Ba4a3][%mdl 32] Black is clearly winning.} 33. Rc2 (33. Nc5 $142 Rxb5 34. Ne6) 33... a3 34. Ra2 Rb2 35. Rd2 Rxd2 {Accuracy: White = 62%, Black = 91%.} 0-1

[Event "Magnus Carlsen Invitational 2020"]
[Site "magnuscarlsen.com"]
[Date "2020.04.27"]
[Round "5.3"]
[White "Nepomniachtchi, Ian"]
[Black "Ding, Liren"]
[Result "1-0"]
[WhiteElo "2778"]
[BlackElo "2836"]
[Annotator "TA"]
[PlyCount "45"]
[EventDate "2020.04.18"]
[EventType "tourn"]
[EventCountry "NOR"]
[SourceTitle "playchess.com"]
[Source "ChessBase"]
[SourceQuality "1"]

{[%evp 9,45,24,18,8,14,11,15,0,24,3,4,0,19,23,20,8,97,46,56,24,48,49,47,41,57,57,59,54,75,70,89,69,72,83,114,98,920,917]} 1. e4 e5 2. Nf3 Nc6 3. Bb5 Nf6 4. d3 Bc5 5. Bxc6 dxc6 6. Nbd2 {C65: Ruy Lopez: Berlin Defence (3...Nf6), unusual lines and 4 0-0 Bc5.} O-O {6...Nd7 is the modern continuation. Played by Hikaru Nakamura in February 2020.} 7. Nc4 Re8 {[#]} 8. a4 $146 {The position is equal.} ({Don't play} 8. Nfxe5 Rxe5 $1 {[%mdl 512]} 9. Nxe5 Qd4 $17) ({Predecessor:} 8. h3 Nd7 9. g4 Nf8 10. Ne3 a5 11. Rg1 a4 12. a3 Bxe3 13. Bxe3 b6 14. h4 {1-0 (59) Andriasian,Z (2611)-Harutyunian,T (2533) Yerevan 2020}) 8... a5 9. Bd2 (9. Ncxe5 Rxe5 $1 {[%mdl 512]} 10. Nxe5 Qd4 $17) 9... b6 10. Bc3 ({Much worse is} 10. Nfxe5 {[#]} Rxe5 $1 {[%mdl 512]} 11. Nxe5 Qd4 $17) 10... Ng4 11. O-O f6 12. Bd2 g5 (12... f5 $1 $11 {keeps the balance.}) 13. h3 (13. Qc1 $16) 13... Nh6 $14 14. h4 {[%cal Rh4g5]} Nf7 15. hxg5 fxg5 {With the idea ...g4.} 16. Nh2 Re6 17. Ne3 Rg6 18. Nf5 Bxf5 19. exf5 Rf6 20. Qg4 h6 21. Qh3 Qd7 22. Ng4 Rxf5 $2 {[%mdl 8192] [#]} (22... Rd6 $16) 23. Nf6+ $1 {[%mdl 576] Pin. Accuracy: White = 94%, Black = 69%.} 1-0

[Event "Magnus Carlsen Invitational 2020"]
[Site "magnuscarlsen.com"]
[Date "2020.04.27"]
[Round "5.3"]
[White "Caruana, Fabiano"]
[Black "Nakamura, Hikaru"]
[Result "1/2-1/2"]
[WhiteElo "2773"]
[BlackElo "2829"]
[Annotator "TA"]
[PlyCount "84"]
[EventDate "2020.04.18"]
[EventType "tourn"]
[EventCountry "NOR"]
[SourceTitle "playchess.com"]
[Source "ChessBase"]
[SourceQuality "1"]

{[%evp 11,84,10,16,8,16,0,0,0,0,-6,9,9,9,0,9,7,29,35,25,22,18,24,56,72,57,12,12,12,12,12,12,0,12,0,16,12,12,12,12,-19,0,0,-13,-26,0,-95,0,-100,-100,-100,-94,-104,-104,-105,-95,-95,-95,-113,-67,-74,-52,-47,-28,-29,-43,-41,-28,-66,-16,-34,0,-59,0,-54,0]} 1. d4 Nf6 2. c4 e6 3. Nf3 d5 4. Nc3 Be7 5. Bf4 O-O 6. e3 Nbd7 (6... c5 7. dxc5 Bxc5 8. a3 Nc6 9. Qc2 Qa5 10. Rd1 Re8 11. Nd2 e5 12. Bg5 Nd4 13. Qb1 Bf5 14. Bd3 Bxd3 15. Qxd3 Ne4 16. Nxd5 Nxg5 17. b4 Qd8 18. bxc5 {1-0 (40) Caruana,F (2819)-Nakamura,H (2754) Zagreb 2019}) 7. c5 {7.Be2 deserves study. Played by Hikaru Nakamura in February 2020. D37: Queen's Gambit Declined: 5 Bf4.} c6 8. h4 b6 {[#]} 9. b4 $146 {The position is equal.} ({Predecessor:} 9. cxb6 axb6 10. h5 Ba6 11. Bxa6 Rxa6 12. Qd3 Bb4 13. Qxa6 {1-0 (13) Sanchez Ramirez,G (1603)-Gonzalez Acosta,P (1906) Gran Canaria 2012}) 9... a5 10. a3 Ne4 11. Nxe4 dxe4 12. Ne5 $1 $36 {[%cal Re5c6][%mdl 2048] White has the initiative.} Nxe5 13. Bxe5 Qd5 14. Be2 ({Don't play} 14. cxb6 axb4 15. a4 (15. Qg4 $2 f6 $19) 15... Qa5 $17) 14... Ba6 15. Bxa6 Rxa6 16. O-O $1 Rfa8 17. cxb6 Rxb6 18. Bc7 (18. Qg4 {keeps more tension.} g6 19. h5 Bd6 20. f4 Rb7 21. Qh4) 18... Rba6 19. Bxa5 Bxh4 20. Rc1 Be7 21. Rc3 Bd6 22. Qc2 h5 23. Rc1 {[%cal Rc3c6]} Rc8 24. Qe2 Rca8 25. Rc5 Bxc5 26. Rxc5 Qb3 {Black wants to play ...g6.} 27. Qxh5 f5 28. g3 (28. Bc7 $11 {keeps the balance.}) 28... Qxa3 (28... Qb1+ $17 29. Kg2 Rf8) 29. Kg2 {[#]} (29. Qg6 $11 {remains equal.} Qb3 30. Rc1) 29... Rf8 $1 $17 30. Qe2 Qd3 31. Qxd3 exd3 {[%mdl 4096] Endgame KRR-KRB} 32. Rc3 d2 33. Rd3 Kf7 34. Rxd2 Rh8 35. Rc2 g5 36. g4 Kg6 37. gxf5+ exf5 38. Rc5 Re8 39. Bc7 Rc8 (39... Re7 $5 {[%cal Re7c7]} 40. Bd8 Rd7 $17) 40. Ba5 Re8 41. Bc7 Rc8 (41... Re7 $5 {[%cal Re7c7]} 42. Bd8 Rd7 $17) 42. Ba5 Re8 {Accuracy: White = 85%, Black = 79%.} (42... Rf8 $15) 1/2-1/2

[Event "Magnus Carlsen Invitational 2020"]
[Site "magnuscarlsen.com"]
[Date "2020.04.26"]
[Round "5.3"]
[White "Giri, Anish"]
[Black "Carlsen, Magnus"]
[Result "1/2-1/2"]
[WhiteElo "2731"]
[BlackElo "2881"]
[Annotator "TA"]
[PlyCount "139"]
[EventDate "2020.04.18"]
[EventType "tourn"]
[EventCountry "NOR"]
[SourceTitle "playchess.com"]
[Source "ChessBase"]
[SourceQuality "1"]

{[%evp 29,139,19,40,20,47,37,37,39,51,57,69,72,58,47,109,88,87,88,223,130,138,111,110,10,140,0,0,0,0,0,0,0,0,0,0,0,0,0,0,0,0,0,0,0,0,0,0,0,0,0,0,0,0,0,0,0,0,0,0,0,0,0,0,0,0,0,0,0,0,0,0,0,0,0,0,0,0,0,0,0,0,0,0,0,0,0,0,0,0,0,0,0,0,0,0,0,0,0,0,0,0,0,0,0,0,0,0,0,0,0,0,0]} 1. d4 Nf6 2. c4 g6 3. Nc3 d5 4. cxd5 Nxd5 5. e4 Nxc3 6. bxc3 Bg7 7. Bc4 c5 8. Ne2 Nc6 {[%cal Bb8c6,Bc6a5,Ba5c4][%mdl 32]} 9. Be3 O-O 10. O-O Bg4 11. f3 Na5 12. Bxf7+ Rxf7 13. fxg4 Rxf1+ 14. Kxf1 Qd6 15. e5 Qd5 16. Ng1 {D87: Exchange Grünfeld: Classical Line: Variations without ...cxd4.} Nc4 17. Qe2 cxd4 18. cxd4 {[#] White is slightly better.} b5 $146 ({Predecessor:} 18... Rc8 19. Bf2 b5 20. Nh3 Nb6 21. g5 Rc3 22. Nf4 Qc6 23. Rd1 Nd5 24. Nxd5 Qxd5 {½-½ (33) Pessoa,F (2498)-Siefring,C (2522) ICCF email 2017}) 19. Nf3 a5 20. Bg5 Rf8 21. Rd1 e6 ({Black should play} 21... h6 $1 $14) 22. h4 a4 23. Kg1 b4 {[#]} (23... Rf7 $16) 24. h5 (24. Be7 $1 $18 {[%cal Re7f8]} Re8 25. Bxb4) 24... b3 $16 25. axb3 axb3 26. hxg6 (26. h6 $16 Bh8 27. Be7) 26... h6 (26... hxg6 $11 {remains equal.} 27. Kh2 b2) 27. Bf6 (27. Be7 $16 Ra8 28. Kh2) 27... Bxf6 $11 {The position is equal.} 28. exf6 Rxf6 29. Ne5 Nxe5 30. dxe5 {[%mdl 4096] Endgame KQR-KQR} Qc5+ 31. Kh1 Rf8 32. Rf1 Rxf1+ 33. Qxf1 {[#] Intending Qf7+ and mate. KQ-KQ} Qe7 34. Qb5 Kg7 35. Qxb3 Qh4+ 36. Kg1 Qxg4 37. Qd3 h5 38. Qd8 Qf5 39. Qd6 Kxg6 40. g3 Qb1+ 41. Kh2 Qc2+ 42. Kh3 Qc4 43. Qd1 Qe4 44. Qa1 Kf5 45. Qd1 {[%cal Rd1h5]} Kg6 46. g4 Qe3+ 47. Kh4 Qf2+ (47... Qg5+ {with more complications.} 48. Kh3 Qxg4+ 49. Qxg4+) 48. Kh3 Qe3+ 49. Kh4 Qg5+ 50. Kh3 Qxe5 {...Qe3+ is the strong threat.} 51. Qd3+ Kh6 52. gxh5 Kxh5 53. Kg2 Kg4 {And now ...Qd5+ would win.} 54. Qf3+ (54. Kf2 {is interesting.}) 54... Kg5 55. Qg3+ Kf5 56. Qf3+ Qf4 57. Qh5+ Ke4 58. Qe2+ Qe3 59. Qc4+ Kf5 {Hoping for ...Qe4+.} 60. Qb5+ Kf4 61. Qf1+ Kg5 62. Qc4 e5 63. Qg8+ Kf4 {White must now prevent ...Qf3+.} 64. Qf7+ Ke4 65. Qb7+ Kd3 66. Qb3+ Ke2 67. Qb2+ Kd3 {( -> ...Qe2+)} 68. Qb3+ Ke4 69. Qb7+ Kd3 {Strongly threatening ...Qe4+.} 70. Qb3+ {Accuracy: White = 89%, Black = 87%.} 1/2-1/2